| 000 | 01021 a2200277 4500 | ||
|---|---|---|---|
| 003 | Nust | ||
| 005 | 20221124085201.0 | ||
| 020 | _a0-13-184979-4 (pbk) ; | ||
| 040 | _cNust | ||
| 082 | 0 | 4 | _a519.4,MAT |
| 245 | 0 | 4 |
_aThe student edition of MATLAB : _bthe ultimate computing environment for technical education / _cwith tutorial by Duane Hanselman and Bruce Littlefield |
| 250 | _aversion 4 | ||
| 260 |
_aEnglewood Cliffs, NJ : _bPrentice Hall, _ccop. 1995 |
||
| 300 |
_a833 s.,[2] pl.-s. : _bill. |
||
| 440 | 0 |
_aMATLAB curriculum series, _9101131 |
|
| 500 | _aIn case | ||
| 505 | _aPart 1: Getting Started (Page-), Part 2: Learning MATLAB and the Toolboxes (Page-39), Part 3: Reference (Page-269). | ||
| 650 | 7 |
_aMathematics, Computers _9103467 |
|
| 650 | 7 |
_aMATLAB _994870 |
|
| 650 | 7 |
_aMATLAB _994870 |
|
| 650 | 7 |
_aNumerical analysis _xData processing _972 |
|
| 700 | 1 |
_aHanselman, Duane C. _4oth _923325 |
|
| 700 | 1 |
_aLittlefield, Bruce _4oth _923327 |
|
| 710 | 2 | _aMathWorks, Inc. | |
| 942 |
_cREF _2ddc _k519.4,MAT |
||
| 999 |
_c217999 _d217999 |
||